Historia del aborto. (Registro nro. 857)

Detalles MARC
000 -LEADER
fixed length control field 00938nam a2200241 a 4500
008 - CAMPO DE CONTROL (LIBRO)
fixed length control field 110701s2004 ag ||||f |||| 00| 0 spa d
020 ## - INTERNATIONAL STANDARD BOOK NUMBER
ISBN 9506024774
041 ## - CODIGO DE IDIOMA
Código de idioma del texto/pista de sonido o título separado spa
092 ## - SIGNATURA TOPOGRAFICA DEWEY LOCAL
número de clasificación 304.6
libristica 28
sección GAL
100 1# - ENTRADA PRINCIPAL--NOMBRE PERSONAL
Nombre personal Galeotti, Giulia
9 (RLIN) 78
245 ## - TITULO PROPIAMENTE DICHO
Título Historia del aborto.
Subtítulo y Título paralelo Los muchos protagonistas e intereses de una larga vicisitud /
Mención de responsabilidad y remanente de la transcripción de la portada Giulia Galeotti
250 ## - MENCION DE EDICION
Mención de edición 1a ed.
Mención de responsabilidad relacionada con la ed. Traducción Heber Cardoso
260 ## - PIE DE IMPRENTA
Lugar de publicación, distribución, etc Buenos Aires:
Nombre de la editorial, distribuidor, etc Nueva Visión;
Fecha de publicación 2004.
300 ## - DESCRIPCION FISICA
Extension 126 p.
Dimensiones 20x13 cm.
500 ## - NOTA GENERAL
Nota general Galeotti, G. (2004). Historia del aborto. Los muchos protagonistas e intereses de una larga vicisitud. (1a ed.). Buenos Aires : Nueva Visión.
590 ## - NOTAS LOCALES (RLIN)
Nota local Compra FACIMED 2011
653 ## - TÉRMINO INDIZADO - PALABRAS CLAVES
Palabra clave Historia del aborto
653 ## - TÉRMINO INDIZADO - PALABRAS CLAVES
Palabra clave Legislación
653 ## - TÉRMINO INDIZADO - PALABRAS CLAVES
Palabra clave Descubrimientos científicos y dimensión política de la natalidad
653 ## - TÉRMINO INDIZADO - PALABRAS CLAVES
Palabra clave Feto como término privilegiado
653 ## - TÉRMINO INDIZADO - PALABRAS CLAVES
Palabra clave Mujer como término privilegiado
942 ## - ADDED ENTRY ELEMENTS (KOHA)
Source of classification or shelving scheme Dewey Decimal Classification
Item type Libros
Existencias
Estado de retiro Existencia Fuente de clasificación Estado general No para prestamo Colección Ubicación permanente ubicación actual Sala de ubicación Fecha de adquisición Total Checkouts Número de clasificación Código de barras Date last seen Número de ejemplar Price effective from Koha tipo de elemento (item) Public note
    Dewey Decimal Classification     Reference Biblioteca Medicina Biblioteca Medicina Referencia 01/07/2011   304.6 28 GAL 2309 06/11/2014 ej.1 01/07/2011 Reference LIBRO DE CONSULTA
    Dewey Decimal Classification       Biblioteca Medicina Biblioteca Medicina Circulación 01/07/2011   304.6 28 GAL 2310 06/11/2014 ej.2 01/07/2011 Libros  

UNIVERSIDAD NACIONAL DEL COMAHUE
Biblioteca de la Facultad de Ciencias Médicas
Sede Toschi: Los Arrayanes y Av. Toschi, Cipolletti  - Rio Negro
Sede Los Tordos:  Yrigoyen al 2211, Cipolletti - Rio Negro 

Teléfono: 0299 - 4774707 int 25
Contacto: biblioteca@facimed.uncoma.edu.ar
© 2011 - 2026